[Event "Stay Safe Play From Home 269"]
[Site "Emanuel Lasker Arena"]
[Date "2020.07.01"]
[Round "5"]
[White "Jhhonnyy"]
[Black "Broken sword"]
[Result "1-0"]
[WhiteElo "2286"]
[BlackElo "2465"]
[PlyCount "157"]
[EventDate "2020.07.01"]
[EventType "swiss (blitz)"]

1. d4 {[%emt 0:00:01]} d5 {[%emt 0:00:00]} 2. c4 {[%emt 0:00:01]} c6 {[%emt 0:00:01]} 3. Nf3 {[%emt 0:00:01]} Nf6 {[%emt 0:00:00]} 4. Nbd2 {[%emt 0:00:00]} Bf5 {[%emt 0:00:01]} 5. Nh4 {[%emt 0:00:00]} Bg6 {[%emt 0:00:01]} 6. Qb3 {[%emt 0:00:01]} b6 {[%emt 0:00:02]} 7. Ndf3 {[%emt 0:00:02]} e6 {[%emt 0:00:01]} 8. Ne5 {[%emt 0:00:00]} Nfd7 {[%emt 0:00:01]} 9. Nhxg6 {[%emt 0:00:01]} hxg6 {[%emt 0:00:00]} 10. cxd5 {[%emt 0:00:01]} exd5 {[%emt 0:00:01]} 11. Nxd7 {[%emt 0:00:03]} Nxd7 {[%emt 0:00:01]} 12. Bf4 {[%emt 0:00:00]} Be7 {[%emt 0:00:01]} 13. e3 {[%emt 0:00:01]} O-O {[%emt 0:00:01]} 14. Rc1 {[%emt 0:00:01]} Rc8 {[%emt 0:00:01]} 15. Ba6 {[%emt 0:00:01]} g5 {[%emt 0:00:02]} 16. Bg3 {[%emt 0:00:01]} c5 {[%emt 0:00:01]} 17. Bxc8 {[%emt 0:00:01]} Qxc8 {[%emt 0:00:00]} 18. Qxd5 {[%emt 0:00:01]} Nf6 {[%emt 0:00:02]} 19. Qb3 {[%emt 0:00:01]} Qf5 {[%emt 0:00:05]} 20. dxc5 {[%emt 0:00:03]} Bxc5 {[%emt 0:00:01]} 21. O-O {[%emt 0:00:01]} Re8 {[%emt 0:00:01]} 22. Rfd1 {[%emt 0:00:01]} g4 {[%emt 0:00:01]} 23. Qd3 {[%emt 0:00:02]} Qe6 {[%emt 0:00:01]} 24. b3 {[%emt 0:00:01]} Ne4 {[%emt 0:00:02]} 25. Rf1 {[%emt 0:00:01]} f5 {[%emt 0:00:01]} 26. Qc4 {[%emt 0:00:01]} Qxc4 {[%emt 0:00:01]} 27. Rxc4 {[%emt 0:00:00]} Kh7 {[%emt 0:00:01]} 28. b4 {[%emt 0:00:01]} Be7 {[%emt 0:00:02]} 29. a3 {[%emt 0:00:01]} Bf6 {[%emt 0:00:01]} 30. Rc7 {[%emt 0:00:01]} a5 {[%emt 0:00:00]} 31. bxa5 {[%emt 0:00:01]} bxa5 {[%emt 0:00:00]} 32. a4 {[%emt 0:00:00]} Nc3 {[%emt 0:00:01]} 33. h3 {[%emt 0:00:02]} gxh3 {[%emt 0:00:01]} 34. gxh3 {[%emt 0:00:01]} Nxa4 {[%emt 0:00:00]} 35. Ra7 {[%emt 0:00:02]} Nc3 {[%emt 0:00:01]} 36. Rxa5 {[%emt 0:00:01]} Ne4 {[%emt 0:00:00]} 37. Rxf5 {[%emt 0:00:02]} Kg6 {[%emt 0:00:00]} 38. Rf3 {[%emt 0:00:01]} Nd2 {[%emt 0:00:01]} 39. Kg2 {[%emt 0:00:02]} Nxf1 {[%emt 0:00:01]} 40. Kxf1 {[%emt 0:00:00]} Ra8 {[%emt 0:00:00]} 41. Kg2 {[%emt 0:00:01]} Ra1 {[%emt 0:00:01]} 42. Rf4 {[%emt 0:00:00]} Ra2 {[%emt 0:00:01]} 43. Rg4+ {[%emt 0:00:00]} Kf7 {[%emt 0:00:01]} 44. Rc4 {[%emt 0:00:00]} Ra7 {[%emt 0:00:01]} 45. h4 {[%emt 0:00:00]} Ra6 {[%emt 0:00:01]} 46. Rc7+ {[%emt 0:00:00]} Kg6 {[%emt 0:00:01]} 47. Rc4 {[%emt 0:00:00]} Ra5 {[%emt 0:00:01]} 48. Re4 {[%emt 0:00:02]} Rb5 {[%emt 0:00:00]} 49. Rc4 {[%emt 0:00:01]} Rh5 {[%emt 0:00:01]} 50. Kh3 {[%emt 0:00:01]} Rf5 {[%emt 0:00:00]} 51. Kg4 {[%emt 0:00:01]} Rb5 {[%emt 0:00:01]} 52. Bf4 {[%emt 0:00:00]} Ra5 {[%emt 0:00:01]} 53. f3 {[%emt 0:00:02]} Rb5 {[%emt 0:00:01]} 54. e4 {[%emt 0:00:01]} Ra5 {[%emt 0:00:00]} 55. Rc6 {[%emt 0:00:01]} Kf7 {[%emt 0:00:01]} 56. Rd6 {[%emt 0:00:00]} Ke7 {[%emt 0:00:01]} 57. Rd5 {[%emt 0:00:00]} Ra6 {[%emt 0:00:01]} 58. e5 {[%emt 0:00:01]} Bxh4 {[%emt 0:00:00]} 59. Kxh4 {[%emt 0:00:01]} Ke6 {[%emt 0:00:00]} 60. Rd6+ {[%emt 0:00:01]} Rxd6 {[%emt 0:00:00]} 61. exd6 {[%emt 0:00:00]} g5+ {[%emt 0:00:01]} 62. Kxg5 {[%emt 0:00:00]} Kd7 {[%emt 0:00:00]} 63. Kf5 {[%emt 0:00:00]} Ke8 {[%emt 0:00:00]} 64. Ke4 {[%emt 0:00:00]} Kd7 {[%emt 0:00:00]} 65. Kd5 {[%emt 0:00:00]} Ke8 {[%emt 0:00:00]} 66. Be5 {[%emt 0:00:00]} Kd7 {[%emt 0:00:00]} 67. f4 {[%emt 0:00:00]} Kd8 {[%emt 0:00:00]} 68. Kc6 {[%emt 0:00:00]} Ke8 {[%emt 0:00:01]} 69. d7+ {[%emt 0:00:00]} Kf7 {[%emt 0:00:00]} 70. Bc7 {[%emt 0:00:00]} Ke6 {[%emt 0:00:00]} 71. d8=Q {[%emt 0:00:00]} Kf5 {[%emt 0:00:00]} 72. Qd6 {[%emt 0:00:00]} Kg4 {[%emt 0:00:00]} 73. Qe5 {[%emt 0:00:00]} Kf3 {[%emt 0:00:01]} 74. f5 {[%emt 0:00:00]} Kg4 {[%emt 0:00:00]} 75. f6 {[%emt 0:00:00]} Kh4 {[%emt 0:00:01]} 76. f7 {[%emt 0:00:00]} Kg4 {[%emt 0:00:00]} 77. f8=Q {[%emt 0:00:00]} Kh4 {[%emt 0:00:00]} 78. Qeg7 {[%emt 0:00:00]} Kh5 {[%emt 0:00:01]} 79. Qfh8# {[%emt 0:00:00] (Lag: Av=0.31s, max=0.7s)} 1-0

[Event "Stay Safe Play From Home 269"]
[Site "Emanuel Lasker Arena"]
[Date "2020.07.01"]
[Round "5"]
[White "SoulofWolf"]
[Black "Haxhi Baha"]
[Result "0-1"]
[WhiteElo "2175"]
[BlackElo "2060"]
[PlyCount "72"]
[EventDate "2020.07.01"]
[EventType "swiss (blitz)"]

1. c4 {[%emt 0:00:00]} d6 {[%emt 0:00:01]} 2. e3 {[%emt 0:00:00]} c5 {[%emt 0:00:00]} 3. d4 {[%emt 0:00:00]} cxd4 {[%emt 0:00:01]} 4. Ne2 {[%emt 0:00:00]} Nc6 {[%emt 0:00:00]} 5. exd4 {[%emt 0:00:01]} e5 {[%emt 0:00:01]} 6. d5 {[%emt 0:00:01]} Nce7 {[%emt 0:00:01]} 7. g3 {[%emt 0:00:00]} f5 {[%emt 0:00:00]} 8. Bg2 {[%emt 0:00:00]} Nf6 {[%emt 0:00:00]} 9. O-O {[%emt 0:00:00]} g6 {[%emt 0:00:03]} 10. Nd2 {[%emt 0:00:00]} Bg7 {[%emt 0:00:00]} 11. Nb3 {[%emt 0:00:00]} O-O {[%emt 0:00:00]} 12. f4 {[%emt 0:00:00]} b6 {[%emt 0:00:01]} 13. Bd2 {[%emt 0:00:01]} e4 {[%emt 0:00:01]} 14. Nbd4 {[%emt 0:00:01]} Bd7 {[%emt 0:00:01]} 15. Bc3 {[%emt 0:00:01]} Rc8 {[%emt 0:00:01]} 16. b3 {[%emt 0:00:01]} Ng4 {[%emt 0:00:01]} 17. Qd2 {[%emt 0:00:01]} e3 {[%emt 0:00:01]} 18. Qd3 {[%emt 0:00:01]} h5 {[%emt 0:00:00]} 19. Rac1 {[%emt 0:00:02]} Kh7 {[%emt 0:00:03]} 20. h3 {[%emt 0:00:00]} Nf6 {[%emt 0:00:01]} 21. Qxe3 {[%emt 0:00:00]} Neg8 {[%emt 0:00:01]} 22. Kh2 {[%emt 0:00:01]} Re8 {[%emt 0:00:01]} 23. Ne6 {[%emt 0:00:02]} Bxe6 {[%emt 0:00:01]} 24. dxe6 {[%emt 0:00:00]} Qe7 {[%emt 0:00:00]} 25. Bd5 {[%emt 0:00:01]} Nxd5 {[%emt 0:00:02]} 26. cxd5 {[%emt 0:00:00]} Bxc3 {[%emt 0:00:02]} 27. Rxc3 {[%emt 0:00:00]} Nf6 {[%emt 0:00:01]} 28. Nd4 {[%emt 0:00:06]} Nxd5 {[%emt 0:00:02]} 29. Qf2 {[%emt 0:00:07]} Rxc3 {[%emt 0:00:03]} 30. Re1 {[%emt 0:00:00]} Nf6 {[%emt 0:00:01]} 31. Nf3 {[%emt 0:00:01]} Ne4 {[%emt 0:00:02]} 32. Ng5+ {[%emt 0:00:00]} Nxg5 {[%emt 0:00:04]} 33. fxg5 {[%emt 0:00:00]} Qxg5 {[%emt 0:00:01]} 34. Qd4 {[%emt 0:00:00]} Rc2+ {[%emt 0:00:02]} 35. Kh1 {[%emt 0:00:03]} Qxg3 {[%emt 0:00:01]} 36. Qg1 {[%emt 0:00:01]} Qxh3+ {[%emt 0:00:01] SoulofWolf poddaje siê (Lag: Av=0.85s, max=1.3s)} 0-1

[Event "Stay Safe Play From Home 269"]
[Site "Emanuel Lasker Arena"]
[Date "2020.07.01"]
[Round "5"]
[White "Lazieri3"]
[Black "Klasman"]
[Result "1-0"]
[WhiteElo "2074"]
[BlackElo "1359"]
[PlyCount "51"]
[EventDate "2020.07.01"]
[EventType "swiss (blitz)"]

1. e4 {[%emt 0:00:01]} f5 {[%emt 0:00:01]} 2. Nc3 {[%emt 0:00:00]} Nf6 {[%emt 0:00:02]} 3. exf5 {[%emt 0:00:01]} d5 {[%emt 0:00:02]} 4. d3 {[%emt 0:00:01]} Bxf5 {[%emt 0:00:02]} 5. Nf3 {[%emt 0:00:01]} c5 {[%emt 0:00:02]} 6. Bf4 {[%emt 0:00:01]} Nc6 {[%emt 0:00:01]} 7. Ne5 {[%emt 0:00:01]} e6 {[%emt 0:00:08]} 8. Be2 {[%emt 0:00:01]} Be7 {[%emt 0:00:03]} 9. Nxc6 {[%emt 0:00:05]} bxc6 {[%emt 0:00:02]} 10. O-O {[%emt 0:00:00]} O-O {[%emt 0:00:02]} 11. h3 {[%emt 0:00:01]} Bd6 {[%emt 0:00:03]} 12. Bxd6 {[%emt 0:00:01]} Qxd6 {[%emt 0:00:01]} 13. b3 {[%emt 0:00:00]} e5 {[%emt 0:00:01]} 14. Bg4 {[%emt 0:00:02]} Nxg4 {[%emt 0:00:04]} 15. hxg4 {[%emt 0:00:00]} Bg6 {[%emt 0:00:03]} 16. f3 {[%emt 0:00:01]} c4 {[%emt 0:00:04]} 17. bxc4 {[%emt 0:00:02]} dxc4 {[%emt 0:00:01]} 18. Ne4 {[%emt 0:00:02]} Qd4+ {[%emt 0:00:04]} 19. Kh2 {[%emt 0:00:02]} cxd3 {[%emt 0:00:01]} 20. Qxd3 {[%emt 0:00:01]} Bxe4 {[%emt 0:00:03]} 21. Qxe4 {[%emt 0:00:06]} Qxe4 {[%emt 0:00:03]} 22. fxe4 {[%emt 0:00:00]} Rxf1 {[%emt 0:00:02]} 23. Rxf1 {[%emt 0:00:01]} Rb8 {[%emt 0:00:02]} 24. Rf5 {[%emt 0:00:01]} Rb2 {[%emt 0:00:01]} 25. Rxe5 {[%emt 0:00:01]} Rxc2 {[%emt 0:00:01]} 26. Ra5 {[%emt 0:00:01] Time} 1-0

[Event "Stay Safe Play From Home 269"]
[Site "Emanuel Lasker Arena"]
[Date "2020.07.01"]
[Round "5"]
[White "Bardellosport"]
[Black "NeatFox"]
[Result "1-0"]
[WhiteElo "1970"]
[BlackElo "1890"]
[PlyCount "117"]
[EventDate "2020.07.01"]
[EventType "swiss (blitz)"]

1. d4 {[%emt 0:00:01]} d5 {[%emt 0:00:01]} 2. e3 {[%emt 0:00:00]} e6 {[%emt 0:00:00]} 3. f4 {[%emt 0:00:00]} c5 {[%emt 0:00:00]} 4. Nf3 {[%emt 0:00:01]} cxd4 {[%emt 0:00:00]} 5. exd4 {[%emt 0:00:00]} Nc6 {[%emt 0:00:01]} 6. c3 {[%emt 0:00:00]} Nf6 {[%emt 0:00:01]} 7. Bd3 {[%emt 0:00:00]} Bd6 {[%emt 0:00:01]} 8. Ne5 {[%emt 0:00:00]} O-O {[%emt 0:00:00]} 9. O-O {[%emt 0:00:01]} Bxe5 {[%emt 0:00:01]} 10. fxe5 {[%emt 0:00:01]} Ne4 {[%emt 0:00:01]} 11. Nd2 {[%emt 0:00:02]} Nxd2 {[%emt 0:00:01]} 12. Bxd2 {[%emt 0:00:00]} g6 {[%emt 0:00:00]} 13. Qg4 {[%emt 0:00:01]} f5 {[%emt 0:00:01]} 14. exf6 {[%emt 0:00:01]} Rxf6 {[%emt 0:00:01]} 15. Bg5 {[%emt 0:00:01]} Rxf1+ {[%emt 0:00:02]} 16. Rxf1 {[%emt 0:00:00]} Qd7 {[%emt 0:00:02]} 17. Bh6 {[%emt 0:00:03]} Qe8 {[%emt 0:00:05]} 18. Rf8+ {[%emt 0:00:01]} Qxf8 {[%emt 0:00:00]} 19. Bxf8 {[%emt 0:00:00]} Kxf8 {[%emt 0:00:00]} 20. Qf4+ {[%emt 0:00:01]} Ke7 {[%emt 0:00:03]} 21. h4 {[%emt 0:00:01]} b6 {[%emt 0:00:01]} 22. g4 {[%emt 0:00:01]} Bb7 {[%emt 0:00:00]} 23. h5 {[%emt 0:00:01]} Rf8 {[%emt 0:00:00]} 24. Qg5+ {[%emt 0:00:01]} Ke8 {[%emt 0:00:01]} 25. hxg6 {[%emt 0:00:01]} hxg6 {[%emt 0:00:01]} 26. Bxg6+ {[%emt 0:00:00]} Kd7 {[%emt 0:00:01]} 27. Bh7 {[%emt 0:00:01]} Rf7 {[%emt 0:00:02]} 28. Qg6 {[%emt 0:00:01]} Re7 {[%emt 0:00:01]} 29. g5 {[%emt 0:00:01]} Nd8 {[%emt 0:00:01]} 30. Qh6 {[%emt 0:00:01]} Nf7 {[%emt 0:00:01]} 31. Qg7 {[%emt 0:00:01]} Ne5 {[%emt 0:00:04]} 32. Qxe5 {[%emt 0:00:02]} Rxh7 {[%emt 0:00:01]} 33. Qf6 {[%emt 0:00:01]} Re7 {[%emt 0:00:01]} 34. g6 {[%emt 0:00:01]} b5 {[%emt 0:00:02]} 35. g7 {[%emt 0:00:01]} Rxg7+ {[%emt 0:00:00]} 36. Qxg7+ {[%emt 0:00:01]} Kd6 {[%emt 0:00:00]} 37. Qe5+ {[%emt 0:00:01]} Kd7 {[%emt 0:00:00]} 38. b4 {[%emt 0:00:01]} a6 {[%emt 0:00:00]} 39. Kf2 {[%emt 0:00:01]} Bc8 {[%emt 0:00:00]} 40. Ke3 {[%emt 0:00:01]} Bb7 {[%emt 0:00:01]} 41. Kf4 {[%emt 0:00:01]} Bc6 {[%emt 0:00:00]} 42. Kg5 {[%emt 0:00:00]} Ke7 {[%emt 0:00:00]} 43. Kg6 {[%emt 0:00:01]} Kd7 {[%emt 0:00:00]} 44. Kf7 {[%emt 0:00:01]} Kd8 {[%emt 0:00:01]} 45. Qd6+ {[%emt 0:00:01]} Bd7 {[%emt 0:00:00]} 46. Kf6 {[%emt 0:00:02]} Kc8 {[%emt 0:00:02]} 47. Ke7 {[%emt 0:00:02]} Be8 {[%emt 0:00:03]} 48. Qxa6+ {[%emt 0:00:02]} Kc7 {[%emt 0:00:01]} 49. Qa7+ {[%emt 0:00:01]} Kc6 {[%emt 0:00:01]} 50. Kxe8 {[%emt 0:00:01]} e5 {[%emt 0:00:00]} 51. dxe5 {[%emt 0:00:01]} d4 {[%emt 0:00:01]} 52. Qxd4 {[%emt 0:00:01]} Kb7 {[%emt 0:00:02]} 53. e6 {[%emt 0:00:00]} Ka6 {[%emt 0:00:00]} 54. e7 {[%emt 0:00:01]} Kb7 {[%emt 0:00:00]} 55. Qd7+ {[%emt 0:00:01]} Kb6 {[%emt 0:00:01]} 56. Kf7 {[%emt 0:00:00]} Ka6 {[%emt 0:00:01]} 57. e8=Q {[%emt 0:00:02]} Kb6 {[%emt 0:00:00]} 58. Qb8+ {[%emt 0:00:01]} Ka6 {[%emt 0:00:01]} 59. Qda7# {[%emt 0:00:06] (Lag: Av=0.32s, max=0.4s)} 1-0

[Event "Stay Safe Play From Home 269"]
[Site "Emanuel Lasker Arena"]
[Date "2020.07.01"]
[Round "5"]
[White "Trotsky"]
[Black "Mepe_Nika"]
[Result "0-1"]
[WhiteElo "1621"]
[BlackElo "2426"]
[PlyCount "62"]
[EventDate "2020.07.01"]
[EventType "swiss (blitz)"]

1. d4 {[%emt 0:00:01]} d5 {[%emt 0:00:01]} 2. e3 {[%emt 0:00:00]} Nf6 {[%emt 0:00:01]} 3. c4 {[%emt 0:00:01]} c6 {[%emt 0:00:01]} 4. Nc3 {[%emt 0:00:01]} e6 {[%emt 0:00:01]} 5. Nf3 {[%emt 0:00:02]} Nbd7 {[%emt 0:00:01]} 6. c5 {[%emt 0:00:00]} b6 {[%emt 0:00:02]} 7. Bd3 {[%emt 0:00:01]} bxc5 {[%emt 0:00:01]} 8. Qc2 {[%emt 0:00:01]} c4 {[%emt 0:00:03]} 9. Be2 {[%emt 0:00:01]} Bd6 {[%emt 0:00:00]} 10. Bd2 {[%emt 0:00:01]} O-O {[%emt 0:00:01]} 11. O-O-O {[%emt 0:00:01]} c5 {[%emt 0:00:01]} 12. h4 {[%emt 0:00:01]} cxd4 {[%emt 0:00:01]} 13. exd4 {[%emt 0:00:01]} Rb8 {[%emt 0:00:01]} 14. Ng5 {[%emt 0:00:01]} Qa5 {[%emt 0:00:04]} 15. Kb1 {[%emt 0:00:02]} Ba3 {[%emt 0:00:02]} 16. b3 {[%emt 0:00:10]} Ba6 {[%emt 0:00:05]} 17. Nce4 {[%emt 0:00:04]} Qb6 {[%emt 0:00:03]} 18. Nxf6+ {[%emt 0:00:01]} Nxf6 {[%emt 0:00:00]} 19. Bc3 {[%emt 0:00:03]} cxb3 {[%emt 0:00:02]} 20. axb3 {[%emt 0:00:05]} Qxb3+ {[%emt 0:00:00]} 21. Qxb3 {[%emt 0:00:02]} Rxb3+ {[%emt 0:00:00]} 22. Kc2 {[%emt 0:00:05]} Rxc3+ {[%emt 0:00:03]} 23. Kxc3 {[%emt 0:00:01]} Bxe2 {[%emt 0:00:00]} 24. Rb1 {[%emt 0:00:02]} Rc8+ {[%emt 0:00:03]} 25. Kd2 {[%emt 0:00:02]} Bc4 {[%emt 0:00:04]} 26. f4 {[%emt 0:00:04]} h6 {[%emt 0:00:01]} 27. Nf3 {[%emt 0:00:01]} a5 {[%emt 0:00:01]} 28. Ne5 {[%emt 0:00:01]} Bb4+ {[%emt 0:00:01]} 29. Ke3 {[%emt 0:00:02]} Ba2 {[%emt 0:00:05] '} 30. Rbg1 {[%emt 0:00:02]} Rc3+ {[%emt 0:00:01]} 31. Ke2 {[%emt 0:00:01]} Ne4 {[%emt 0:00:02] Âðåìÿ (Lag: Av=0.36s, max=0.8s) .} 0-1

[Event "Stay Safe Play From Home 269"]
[Site "Emanuel Lasker Arena"]
[Date "2020.07.01"]
[Round "6"]
[White "AChessPlayer"]
[Black "Jhhonnyy"]
[Result "1-0"]
[WhiteElo "2440"]
[BlackElo "2311"]
[PlyCount "50"]
[EventDate "2020.07.01"]
[EventType "swiss (blitz)"]

1. Nf3 {[%emt 0:00:02]} Nf6 {[%emt 0:00:01]} 2. g3 {[%emt 0:00:00]} g6 {[%emt 0:00:00]} 3. Bg2 {[%emt 0:00:00]} Bg7 {[%emt 0:00:00]} 4. O-O {[%emt 0:00:00]} O-O {[%emt 0:00:00]} 5. d4 {[%emt 0:00:00]} d5 {[%emt 0:00:00]} 6. a3 {[%emt 0:00:00]} c6 {[%emt 0:00:00]} 7. a4 {[%emt 0:00:01]} Bf5 {[%emt 0:00:00]} 8. a5 {[%emt 0:00:01]} Ne4 {[%emt 0:00:01]} 9. Nbd2 {[%emt 0:00:01]} Nxd2 {[%emt 0:00:01]} 10. Bxd2 {[%emt 0:00:01]} Nd7 {[%emt 0:00:00]} 11. Bb4 {[%emt 0:00:00]} Re8 {[%emt 0:00:01]} 12. c3 {[%emt 0:00:00]} Nf6 {[%emt 0:00:00]} 13. e3 {[%emt 0:00:00]} Be4 {[%emt 0:00:00]} 14. Re1 {[%emt 0:00:02]} Nd7 {[%emt 0:00:02]} 15. Bh3 {[%emt 0:00:01]} e6 {[%emt 0:00:02]} 16. Nd2 {[%emt 0:00:01]} Bf5 {[%emt 0:00:01]} 17. g4 {[%emt 0:00:00]} Be4 {[%emt 0:00:01]} 18. Nxe4 {[%emt 0:00:01]} dxe4 {[%emt 0:00:02]} 19. Bg2 {[%emt 0:00:00]} f5 {[%emt 0:00:03]} 20. f3 {[%emt 0:00:03]} exf3 {[%emt 0:00:01]} 21. Qxf3 {[%emt 0:00:00]} Qf6 {[%emt 0:00:01]} 22. e4 {[%emt 0:00:02]} fxe4 {[%emt 0:00:01]} 23. Qxe4 {[%emt 0:00:00]} Qg5 {[%emt 0:00:01]} 24. h3 {[%emt 0:00:03]} Nf6 {[%emt 0:00:01]} 25. Qe3 {[%emt 0:00:01]} Nd5 {[%emt 0:00:01] Jhhonnyy gibt auf (Lag: Av=0.38s, max=0.5s)} 1-0

[Event "Stay Safe Play From Home 269"]
[Site "Emanuel Lasker Arena"]
[Date "2020.07.01"]
[Round "6"]
[White "Broken sword"]
[Black "Mepe_Nika"]
[Result "1-0"]
[WhiteElo "2440"]
[BlackElo "2426"]
[PlyCount "159"]
[EventDate "2020.07.01"]
[EventType "swiss (blitz)"]

1. d4 {[%emt 0:00:01]} d5 {[%emt 0:00:01]} 2. Nf3 {[%emt 0:00:00]} Nf6 {[%emt 0:00:01]} 3. c4 {[%emt 0:00:00]} c6 {[%emt 0:00:00]} 4. cxd5 {[%emt 0:00:00]} cxd5 {[%emt 0:00:01]} 5. Nc3 {[%emt 0:00:00]} Nc6 {[%emt 0:00:00]} 6. Bf4 {[%emt 0:00:00]} a6 {[%emt 0:00:00]} 7. e3 {[%emt 0:00:00]} Bg4 {[%emt 0:00:01]} 8. Be2 {[%emt 0:00:00]} e6 {[%emt 0:00:00]} 9. Nd2 {[%emt 0:00:00]} Bxe2 {[%emt 0:00:01]} 10. Qxe2 {[%emt 0:00:00]} Bd6 {[%emt 0:00:01]} 11. Bg5 {[%emt 0:00:01]} h6 {[%emt 0:00:01]} 12. Bh4 {[%emt 0:00:01]} O-O {[%emt 0:00:01]} 13. O-O {[%emt 0:00:01]} Rc8 {[%emt 0:00:01]} 14. Rfc1 {[%emt 0:00:01]} Bb8 {[%emt 0:00:01]} 15. Nb3 {[%emt 0:00:01]} Qd6 {[%emt 0:00:01]} 16. Bg3 {[%emt 0:00:00]} Qe7 {[%emt 0:00:01]} 17. Na4 {[%emt 0:00:01]} Bxg3 {[%emt 0:00:01]} 18. hxg3 {[%emt 0:00:00]} Ne4 {[%emt 0:00:00]} 19. Nac5 {[%emt 0:00:00]} Nxc5 {[%emt 0:00:01]} 20. Nxc5 {[%emt 0:00:00]} Rc7 {[%emt 0:00:01]} 21. Rc2 {[%emt 0:00:01]} Rfc8 {[%emt 0:00:01]} 22. Rac1 {[%emt 0:00:00]} Nd8 {[%emt 0:00:02]} 23. a3 {[%emt 0:00:02]} g6 {[%emt 0:00:06]} 24. b4 {[%emt 0:00:01]} Rc6 {[%emt 0:00:04]} 25. Qd3 {[%emt 0:00:02]} Qc7 {[%emt 0:00:01]} 26. Rc3 {[%emt 0:00:02]} b6 {[%emt 0:00:06]} 27. Na4 {[%emt 0:00:01]} b5 {[%emt 0:00:02]} 28. Nc5 {[%emt 0:00:01]} Nb7 {[%emt 0:00:01]} 29. Qd2 {[%emt 0:00:04]} Nd6 {[%emt 0:00:01]} 30. Qe2 {[%emt 0:00:04]} Nc4 {[%emt 0:00:00]} 31. Qf3 {[%emt 0:00:01]} a5 {[%emt 0:00:01]} 32. Qg4 {[%emt 0:00:03]} axb4 {[%emt 0:00:01]} 33. axb4 {[%emt 0:00:00]} h5 {[%emt 0:00:00]} 34. Qg5 {[%emt 0:00:01]} Nd2 {[%emt 0:00:02]} 35. Qf4 {[%emt 0:00:03]} Nc4 {[%emt 0:00:01]} 36. g4 {[%emt 0:00:01]} Qxf4 {[%emt 0:00:01]} 37. exf4 {[%emt 0:00:01]} hxg4 {[%emt 0:00:00]} 38. g3 {[%emt 0:00:01]} Nd6 {[%emt 0:00:00]} 39. Ra1 {[%emt 0:00:01]} Ne4 {[%emt 0:00:01]} 40. Rca3 {[%emt 0:00:01]} Nxc5 {[%emt 0:00:01]} 41. dxc5 {[%emt 0:00:00]} Kg7 {[%emt 0:00:00]} 42. Ra5 {[%emt 0:00:00]} R8c7 {[%emt 0:00:00]} 43. Rxb5 {[%emt 0:00:01]} f6 {[%emt 0:00:01]} 44. Ra8 {[%emt 0:00:01]} e5 {[%emt 0:00:01]} 45. fxe5 {[%emt 0:00:00]} fxe5 {[%emt 0:00:00]} 46. Kf1 {[%emt 0:00:00]} e4 {[%emt 0:00:00]} 47. Ke2 {[%emt 0:00:01]} Kf6 {[%emt 0:00:00]} 48. Rd8 {[%emt 0:00:01]} Ke5 {[%emt 0:00:01]} 49. Rbb8 {[%emt 0:00:00]} d4 {[%emt 0:00:01]} 50. Kd2 {[%emt 0:00:01]} Re6 {[%emt 0:00:01]} 51. Ke2 {[%emt 0:00:04]} Ra7 {[%emt 0:00:00]} 52. b5 {[%emt 0:00:03]} Ra2+ {[%emt 0:00:01]} 53. Kf1 {[%emt 0:00:00]} d3 {[%emt 0:00:01]} 54. c6 {[%emt 0:00:01]} Rd6 {[%emt 0:00:01]} 55. Rxd6 {[%emt 0:00:01]} Kxd6 {[%emt 0:00:00]} 56. Rd8+ {[%emt 0:00:00]} Kc7 {[%emt 0:00:00]} 57. Rd7+ {[%emt 0:00:00]} Kc8 {[%emt 0:00:00]} 58. Rd4 {[%emt 0:00:01]} d2 {[%emt 0:00:01]} 59. Ke2 {[%emt 0:00:01]} d1=Q+ {[%emt 0:00:00]} 60. Kxd1 {[%emt 0:00:00]} Rxf2 {[%emt 0:00:00]} 61. Rxe4 {[%emt 0:00:00]} Rf3 {[%emt 0:00:00]} 62. Rxg4 {[%emt 0:00:01]} Rd3+ {[%emt 0:00:01]} 63. Ke2 {[%emt 0:00:01]} Rd6 {[%emt 0:00:00]} 64. Rxg6 {[%emt 0:00:00]} Kc7 {[%emt 0:00:00]} 65. Rg8 {[%emt 0:00:00]} Kb6 {[%emt 0:00:01]} 66. Rg7 {[%emt 0:00:00]} Re6+ {[%emt 0:00:00]} 67. Kf3 {[%emt 0:00:01]} Kxb5 {[%emt 0:00:00]} 68. Kg2 {[%emt 0:00:00]} Rxc6 {[%emt 0:00:00]} 69. Rg4 {[%emt 0:00:00]} Rc5 {[%emt 0:00:00]} 70. Kh3 {[%emt 0:00:00]} Kb6 {[%emt 0:00:00]} 71. Kh4 {[%emt 0:00:00]} Kc7 {[%emt 0:00:00]} 72. Rg5 {[%emt 0:00:00]} Rc6 {[%emt 0:00:00]} 73. Rg7+ {[%emt 0:00:00]} Kd8 {[%emt 0:00:00]} 74. Rg5 {[%emt 0:00:00]} Rc7 {[%emt 0:00:00]} 75. g4 {[%emt 0:00:00]} Kd7 {[%emt 0:00:00]} 76. Rh5 {[%emt 0:00:00]} Kc8 {[%emt 0:00:00]} 77. Rh7 {[%emt 0:00:00]} Rd7 {[%emt 0:00:00]} 78. Rh8+ {[%emt 0:00:00]} Kb7 {[%emt 0:00:00]} 79. Rh5 {[%emt 0:00:00]} Kc6 {[%emt 0:00:00]} 80. Rc5+ {[%emt 0:00:00] Time (Lag: Av=0.34s, max=1.0s)} 1-0

[Event "Stay Safe Play From Home 269"]
[Site "Emanuel Lasker Arena"]
[Date "2020.07.01"]
[Round "6"]
[White "Haxhi Baha"]
[Black "Bardellosport"]
[Result "0-1"]
[WhiteElo "2082"]
[BlackElo "1983"]
[Annotator "NA"]
[PlyCount "72"]
[EventDate "2020.07.01"]
[EventType "swiss (blitz)"]

1. e4 {[%emt 0:00:01]} d6 {[%emt 0:00:00]} 2. d4 {[%emt 0:00:01]} g6 {[%emt 0:00:01]} 3. Nc3 {[%emt 0:00:00]} Bg7 {[%emt 0:00:00]} 4. f4 {[%emt 0:00:00]} e6 {[%emt 0:00:01]} 5. Nf3 {[%emt 0:00:00]} Ne7 {[%emt 0:00:01]} 6. Be3 {[%emt 0:00:00]} Nd7 {[%emt 0:00:01]} 7. Qd2 {[%emt 0:00:01]} b6 {[%emt 0:00:01]} 8. Bd3 {[%emt 0:00:01]} Bb7 {[%emt 0:00:01]} 9. g4 {[%emt 0:00:01]} a6 {[%emt 0:00:01]} 10. h4 {[%emt 0:00:01]} b5 {[%emt 0:00:01]} 11. h5 {[%emt 0:00:03]} b4 {[%emt 0:00:01]} 12. Ne2 {[%emt 0:00:01]} Nf6 {[%emt 0:00:01]} 13. h6 {[%emt 0:00:02]} Bf8 {[%emt 0:00:01]} 14. g5 {[%emt 0:00:00]} Nxe4 {[%emt 0:00:01]} 15. Qxb4 {[%emt 0:00:05]} Rb8 {[%emt 0:00:02]} 16. Qa4+ {[%emt 0:00:03]} Qd7 {[%emt 0:00:02]} 17. Qxd7+ {[%emt 0:00:02]} Kxd7 {[%emt 0:00:00]} 18. Rh3 {[%emt 0:00:02]} Nd5 {[%emt 0:00:00]} 19. Bd2 {[%emt 0:00:02]} c5 {[%emt 0:00:01]} 20. c3 {[%emt 0:00:05]} Be7 {[%emt 0:00:01]} 21. O-O-O {[%emt 0:00:02]} Rhc8 {[%emt 0:00:01]} 22. Bxe4 {[%emt 0:00:01]} cxd4 {[%emt 0:00:02]} 23. Nfxd4 {[%emt 0:00:00]} f5 {[%emt 0:00:02]} 24. Bxd5 {[%emt 0:00:02]} Bxd5 {[%emt 0:00:01]} 25. Kb1 {[%emt 0:00:01]} Bb7 {[%emt 0:00:02]} 26. Nc1 {[%emt 0:00:02]} Rc5 {[%emt 0:00:01]} 27. Ndb3 {[%emt 0:00:01]} Rb5 {[%emt 0:00:01]} 28. Be3 {[%emt 0:00:02]} Be4+ {[%emt 0:00:01]} 29. Ka1 {[%emt 0:00:01]} a5 {[%emt 0:00:01]} 30. Rd2 {[%emt 0:00:04]} a4 {[%emt 0:00:01]} 31. Nd4 {[%emt 0:00:01]} R5b7 {[%emt 0:00:02]} 32. a3 {[%emt 0:00:01]} d5 {[%emt 0:00:01]} 33. Nce2 {[%emt 0:00:03]} Bxa3 {[%emt 0:00:02]} 34. bxa3 {[%emt 0:00:03]} Rb1+ {[%emt 0:00:01]} 35. Ka2 {[%emt 0:00:00]} Bd3 {[%emt 0:00:01]} 36. Bf2 {[%emt 0:00:03]} Bc4+ {[%emt 0:00:00] Time (Lag: Av=0.54s, max=0.8s) .} 0-1